000
00238nam a2200097Ia 4500
008
190216s9999||||xx |||||||||||||| ||und||
100
_a
John Kenneth
245
0
_a
Economics And The Out Of Controversy
260
_b
Oxford & I B H
942
_c
BK
999
_c
9244
_d
9244